Music Quiz

Random Music or Artist Quiz

Not Mentioned in We Didn't Start the Fire Quiz Stats

 Plays Quiz not verified by Sporcle

Score 0/14 Timer 02:00
0 Plays Today
Question Answer Wrong Answers
Types of Music Hip Hop
74.3%
Punk Rock
3.5%
Heavy Metal
10.3%
British Beatlemania
7.2%
US Presidents Gerald Ford
73.9%
Richard Nixon
2.4%
Ronald Reagan
14.9%
John F. Kennedy
4.6%
Movies The Sound of Music
71.7%
Bridge on the River Kwai
7.5%
Lawrence of Arabia
4.2%
Psycho
10.7%
Inventions & Innovations Computers
70.6%
Television
3.9%
Birth Control
10.5%
Hula Hoops
10.3%
Singers Smokey Robinson
65.4%
Buddy Holly
3.1%
Chubby Checker
12.5%
Bob Dylan
13.2%
Actresses Katharine Hepburn
64.7%
Brigitte Bardot
22.6%
Marilyn Monroe
3.1%
Doris Day
4.6%
Books Valley of the Dolls
64%
The Catcher in the Rye
3.5%
Stranger in a Strange Land
8.8%
Peyton Place
19.5%
Musicals Oklahoma!
62.3%
South Pacific
7%
The King and I
7.9%
Peter Pan
17.5%
World Cities Paris
61.6%
Berlin
7.2%
Little Rock
13.8%
Budapest
12.9%
Writers Truman Capote
60.7%
Ernest Hemingway
9.9%
Jack Kerouac
8.6%
Boris Pasternak
14.9%
World Leaders Anwar Sadat
56.4%
Charles de Gaulle
12.5%
Juan Peron
12.9%
Syngman Rhee
12.5%
Boxers George Foreman
55%
Sugar Ray Robinson
6.8%
Rocky Marciano
13.6%
Sonny Liston
18%
Baseball Players Jackie Robinson
52.9%
Roy Campanella
27.2%
Joe DiMaggio
3.5%
Mickey Mantle
12.1%
Countries Israel
52.2%
Afghanistan
15.1%
South Korea
12.7%
Lebanon
14.7%

You're not logged in!

Compare scores with friends on all Sporcle quizzes.
OR
Log In

You Might Also Like...

Show Comments

Extras

Top Quizzes Today


Score Distribution

Your Account Isn't Verified!

In order to create a playlist on Sporcle, you need to verify the email address you used during registration. Go to your Sporcle Settings to finish the process.

Report this User

Report this user for behavior that violates our Community Guidelines.

Details: